Comentarios al Código Penal de la República Argentina. parte especial. Arts. 209 a 236 y leyes especiales / Volumen 4B :
Guardado en:
| Autor Principal: | |
|---|---|
| Otros Autores: | , , , , |
| Formato: | Libro |
| Idioma: | Undetermined |
| Publicado: |
Buenos Aires :
B de F,
2024.
|
| Edición: | 1a. ed. |
| Materias: | |
| Etiquetas: |
Agregar Etiqueta
Sin Etiquetas, Sea el primero en etiquetar este registro!
|
| LEADER | 01259nam a22002895a 4500 | ||
|---|---|---|---|
| 001 | DER.der015038 | ||
| 008 | 240917s2024####ag############000#0#und#d | ||
| 005 | 20250626141358.0 | ||
| 245 | 1 | 0 | |a Comentarios al Código Penal de la República Argentina. |n Volumen 4B : |b parte especial. Arts. 209 a 236 y leyes especiales / |c dirigido por Ricardo Basílico; coordinado por Lema, Mariano. |
| 250 | |a 1a. ed. | ||
| 260 | |a Buenos Aires : |b B de F, |c 2024. | ||
| 300 | |a 397 p. | ||
| 500 | |a Delitos contra la seguridad pública. Delitos contra el orden público. Delitos contra la seguridad de la Nación. Delitos contra los poderes públicos y el orden constitucional. | ||
| 020 | |a 9789915684185 | ||
| 100 | 1 | |a Basílico, Ricardo. | |
| 700 | 1 | |a Lema, Mariano N., |e coord. | |
| 700 | 1 | |a Wassouf, Ariel, |e col. | |
| 700 | 1 | |a Pazos Crocitto, José Ignacio. | |
| 700 | 1 | |a Asturias, Miguel A. | |
| 700 | 1 | |a Piagentino, Alejandro. | |
| 700 | 1 | |a Brunetti, Guido L. | |
| 650 | 7 | |a DERECHO PENAL | |
| 650 | 7 | |a DELITOS CONTRA LA SEGURIDAD PUBLICA | |
| 650 | 7 | |a DELITOS CONTRA EL ORDEN PUBLICO | |
| 650 | 7 | |a DELITOS CONTRA LA SEGURIDAD DE LA NACION | |
| 650 | 7 | |a DELITOS CONTRA LOS PODERES PUBLICOS Y EL ORDEN CONSTITUCIONAL | |
| 859 | |a DERECHO |b BIB. DERECHO |h 345.02 |i BAS |p 0010496 |3 4B | ||
